| 000 | 00825cam a22002651 4500 | ||
|---|---|---|---|
| 001 | 1150 | ||
| 003 | BD-RjUL | ||
| 005 | 20211208233301.0 | ||
| 008 | 13 s1952 xx 001 0 eng | ||
| 035 | _a(BD-RjUL)1172 | ||
| 035 | _a(OCoLC)937854 | ||
| 040 |
_aDLC _cOAU _dOCoLC _dDLC _beng |
||
| 041 | _aeng | ||
| 082 |
_216 _a100 _bRAM 1952 |
||
| 100 | 1 |
_aRand, Benjamin, _d1856-1934, _93407 |
|
| 245 | 1 | 0 |
_aModern classical philosophers: _bselections illustrating modern philosophy from Bruno to Spencer/ _ccomp. by Benjamin Rand. |
| 260 |
_aBoston; _aNew York: _bHoughton, Mifflin and company, _cc1908. |
||
| 300 |
_axiii, 740 p. _c23 cm. |
||
| 526 | _bPhilosophy | ||
| 650 | 0 |
_aPhilosophy, Modern _xHistory. _93408 |
|
| 650 | 0 |
_aPhilosophy, Modern. _93409 |
|
| 942 |
_2ddc _cBK |
||
| 999 |
_c1150 _d1150 |
||